[Event "Ontario-ch U20 U1800"]
[Site "Mississauga CAN"]
[Date "2019.01.13"]
[Round "4.12"]
[White "Leblanc, Miguel"]
[Black "Liu, Harrison"]
[Result "1-0"]
[WhiteElo "1539"]
[BlackElo "1772"]
[PlyCount "77"]
[EventDate "2019.01.12"]
[EventType "swiss"]
[EventRounds "5"]
[EventCountry "CAN"]

1. e4 c5 2. Nf3 d6 3. d4 cxd4 4. Nxd4 Nf6 5. Nc3 g6 6. f4 Bg7 7. e5 dxe5 8.
fxe5 Nfd7 9. e6 Nf6 10. exf7+ Kxf7 11. Bc4+ e6 12. O-O Re8 13. Bg5 Kg8 14. Ne4
Qc7 15. Bxf6 Qxc4 16. Bxg7 Kxg7 17. Nd6 Qa4 18. N4b5 Re7 19. b3 Qb4 20. Nxc8
Qxb5 21. Nxe7 Qc5+ 22. Rf2 Qxe7 23. Qd4+ e5 24. Re1 Nc6 25. Qe3 Re8 26. Ref1
Nd4 27. c3 Nc6 28. Qf3 Nd8 29. Qf6+ Qxf6 30. Rxf6 Re7 31. Rd6 Ne6 32. b4 a6 33.
g3 Ng5 34. Rfd1 Nf7 35. Rd7 Kf6 36. c4 Ke6 37. Rxe7+ Kxe7 38. b5 a5 39. c5 1-0

[Event "Ontario-ch U20 U1800"]
[Site "Mississauga CAN"]
[Date "2019.01.13"]
[Round "4.13"]
[White "Hughes-Dupuy, Henry"]
[Black "Huang, Richard"]
[Result "1/2-1/2"]
[WhiteElo "1596"]
[BlackElo "1520"]
[PlyCount "69"]
[EventDate "2019.01.12"]
[EventType "swiss"]
[EventRounds "5"]
[EventCountry "CAN"]

1. e4 e5 2. Nf3 Nc6 3. d4 exd4 4. Nxd4 Bc5 5. Be3 Bb6 6. Nxc6 bxc6 7. Bxb6 axb6
8. Bc4 Nf6 9. O-O O-O 10. Nc3 Re8 11. Qf3 Ba6 12. Bxa6 Rxa6 13. Qd3 Ra8 14.
Rfe1 d6 15. a3 Qe7 16. f3 Nd7 17. Rad1 Nc5 18. Qd2 b5 19. Ne2 Nd7 20. Nd4 Ra6
21. Qc3 Nc5 22. Nf5 Qe5 23. Qxe5 Rxe5 24. Nd4 Ne6 25. c3 Nxd4 26. Rxd4 c5 27.
Rdd1 f6 28. Rd5 Kf7 29. f4 Re6 30. e5 Ra4 31. g3 g5 32. fxg5 fxe5 33. Rd2 Rg4
34. Rf2+ Kg6 35. Ref1 1/2-1/2

[Event "Ontario-ch U20 U1800"]
[Site "Mississauga CAN"]
[Date "2019.01.13"]
[Round "4.14"]
[White "Stroganov, Victor"]
[Black "Dong, Yiwei"]
[Result "0-1"]
[WhiteElo "1587"]
[BlackElo "1493"]
[PlyCount "46"]
[EventDate "2019.01.12"]
[EventType "swiss"]
[EventRounds "5"]
[EventCountry "CAN"]

1. e4 e6 2. d4 d5 3. Nd2 Nf6 4. e5 Nfd7 5. Ne2 c5 6. c3 Nc6 7. Nf3 Be7 8. Nf4
Qb6 9. Be2 O-O 10. O-O Nd8 11. Qc2 f6 12. Bd3 f5 13. g4 c4 14. Be2 Rf7 15. g5
Nf8 16. Kh1 g6 17. h4 Bd7 18. h5 Rg7 19. hxg6 hxg6 20. Kg2 Nf7 21. Rh1 Qd8 22.
Nh4 Bxg5 23. Be3 Bxh4 0-1

[Event "Ontario-ch U20 U1800"]
[Site "Mississauga CAN"]
[Date "2019.01.13"]
[Round "4.16"]
[White "Ran, Xiaoyu"]
[Black "Srinivas, Atharva"]
[Result "0-1"]
[WhiteElo "1622"]
[BlackElo "1501"]
[PlyCount "118"]
[EventDate "2019.01.12"]
[EventType "swiss"]
[EventRounds "5"]
[EventCountry "CAN"]

1. e4 e5 2. Nf3 Nc6 3. Bc4 Bc5 4. c3 Nf6 5. d3 h6 6. a4 a5 7. O-O O-O 8. Be3
Bb6 9. Bxb6 cxb6 10. Re1 d6 11. d4 Bg4 12. d5 Ne7 13. h3 Bh5 14. Nbd2 Nd7 15.
b4 Rc8 16. Rc1 f5 17. Bd3 fxe4 18. Bxe4 Nf6 19. Qb3 axb4 20. cxb4 Nxe4 21. Rxc8
Nxd2 22. Rxd8 Nxb3 23. Rxd6 Bxf3 24. gxf3 Rf6 25. Rd7 Ng6 26. Rxb7 Nd4 27. Re3
Nxf3+ 28. Kf1 Nd2+ 29. Ke2 Nc4 30. Rc3 Nf4+ 31. Kf1 Nxd5 32. Rd3 Nxb4 33. Rdd7
Ne3+ 34. Ke2 Nf5 35. Rd8+ Kh7 36. Rbb8 Kg6 37. Rf8 Nd4+ 38. Kf1 Rc6 39. Rfc8
Re6 40. Re8 Nd5 41. Rxe6+ Nxe6 42. Rc8 Nec7 43. Ke2 Kf6 44. Kf3 Ke7 45. Ke4 Ke6
46. Rb8 Nc3+ 47. Kd3 Nxa4 48. Kc4 b5+ 49. Kb3 Nc5+ 50. Ka2 Ke7 51. Rg8 N5e6 52.
Rb8 Kd6 53. Rb7 Kc5 54. Ra7 b4 55. Kb2 Kc4 56. Ra1 Nb5 57. Rc1+ Nc3 58. Re1 Nc5
59. Rg1 Nd3+ 0-1

[Event "Ontario-ch U20 U1800"]
[Site "Mississauga CAN"]
[Date "2019.01.13"]
[Round "4.17"]
[White "Xu, Alex"]
[Black "Wang, Eric"]
[Result "1-0"]
[WhiteElo "1456"]
[BlackElo "1579"]
[PlyCount "57"]
[EventDate "2019.01.12"]
[EventType "swiss"]
[EventRounds "5"]
[EventCountry "CAN"]

1. e4 e5 2. Nf3 Nc6 3. Bc4 Bc5 4. c3 Nf6 5. d4 exd4 6. cxd4 Bb4+ 7. Bd2 Nxe4 8.
Bxb4 Nxb4 9. Bxf7+ Kxf7 10. Qb3+ d5 11. Ne5+ Ke6 12. Qxb4 c5 13. Qa4 Qf6 14.
Nf3 Bd7 15. Qd1 Bb5 16. Nc3 Ba6 17. Ne2 Raf8 18. O-O g5 19. dxc5 g4 20. Nfd4+
Ke7 21. f3 gxf3 22. Rxf3 Qg5 23. Ng3 Rxf3 24. Qxf3 Rf8 25. Nxe4 dxe4 26. Qxe4+
Kd7 27. Qe6+ Kd8 28. Qd6+ Ke8 29. Qxf8+ 1-0

[Event "Ontario-ch U20 U1800"]
[Site "Mississauga CAN"]
[Date "2019.01.13"]
[Round "4.18"]
[White "Liu, Aaron"]
[Black "Ning, Oswin"]
[Result "1/2-1/2"]
[WhiteElo "1532"]
[BlackElo "1462"]
[PlyCount "100"]
[EventDate "2019.01.12"]
[EventType "swiss"]
[EventRounds "5"]
[EventCountry "CAN"]

1. e4 e6 2. d4 d5 3. Nd2 Nf6 4. Bd3 dxe4 5. Nxe4 Nc6 6. c3 Be7 7. Nf3 O-O 8.
O-O b6 9. Qc2 h6 10. Bd2 Bb7 11. Qc1 Nxe4 12. Bxe4 Na5 13. Bxb7 Nxb7 14. Re1
Bf6 15. Ne5 Bxe5 16. dxe5 Qd7 17. Re3 Rfd8 18. Re2 Nc5 19. b4 Nd3 20. Qc2 Nxe5
21. Bxh6 gxh6 22. Rxe5 Qd3 23. Qxd3 Rxd3 24. Re3 Rxe3 25. fxe3 Rd8 26. Kf2 Rd2+
27. Kf3 Rc2 28. Rd1 Rxc3 29. Rd8+ Kg7 30. Ra8 Ra3 31. Rc8 Rxa2 32. Rxc7 b5 33.
Rb7 a6 34. Rb6 Ra4 35. h3 Rxb4 36. Rxa6 Rb1 37. Rb6 b4 38. Kf2 b3 39. Kg3 b2
40. Rb3 Kf6 41. Kh2 Ke5 42. Kg3 Kf5 43. Kf2 Kg5 44. Rb4 Kh5 45. Rb5+ Kg6 46.
Rb4 Kf6 47. Rb7 Ke5 48. Rb4 Kf6 49. Rb7 Ke5 50. Rb4 Kf5 1/2-1/2

[Event "Ontario-ch U20 U1800"]
[Site "Mississauga CAN"]
[Date "2019.01.13"]
[Round "4.19"]
[White "Landstrom, Wiliam"]
[Black "Dey, Jan Marten"]
[Result "0-1"]
[WhiteElo "1720"]
[BlackElo "1412"]
[PlyCount "74"]
[EventDate "2019.01.12"]
[EventType "swiss"]
[EventRounds "5"]
[EventCountry "CAN"]

1. e4 c6 2. d4 d5 3. e5 Bf5 4. Nf3 e6 5. Be2 c5 6. c3 cxd4 7. cxd4 Bb4+ 8. Nc3
Ne7 9. Qb3 Nbc6 10. Bd2 Qb6 11. Be3 O-O 12. O-O Ba5 13. Qd1 Qxb2 14. Na4 Qc2
15. Qxc2 Bxc2 16. Nc5 b6 17. Nb7 Rab8 18. Nxa5 Nxa5 19. Rfc1 Ba4 20. Rc7 Rb7
21. Rac1 Nec6 22. Rxb7 Nxb7 23. Nd2 Nba5 24. Nb1 Rb8 25. Nc3 b5 26. Nxa4 bxa4
27. Bd1 Rb4 28. Bd2 Rc4 29. Rb1 g6 30. Be2 Rc2 31. Rd1 Rxa2 32. Bb5 a3 33. Bh6
Rb2 34. Ba4 a2 35. Bc1 a1=Q 36. Bxb2 Qxb2 37. h3 Nxd4 0-1

[Event "Ontario-ch U20 U1800"]
[Site "Mississauga CAN"]
[Date "2019.01.13"]
[Round "4.21"]
[White "Yang, Matthew"]
[Black "Wang, Zhixing"]
[Result "0-1"]
[WhiteElo "1475"]
[BlackElo "1324"]
[PlyCount "120"]
[EventDate "2019.01.12"]
[EventType "swiss"]
[EventRounds "5"]
[EventCountry "CAN"]

1. d4 d5 2. c4 e6 3. Nf3 Nf6 4. Bg5 Be7 5. Nc3 O-O 6. e3 b6 7. Bd3 Bb7 8. O-O
Nbd7 9. Rc1 c5 10. cxd5 exd5 11. b3 Rc8 12. dxc5 Nxc5 13. Bf5 Ne6 14. Qd2 Nxg5
15. Nxg5 Rc7 16. Nb5 Rxc1 17. Rxc1 h6 18. Nf3 Ne4 19. Bxe4 dxe4 20. Nfd4 a6 21.
Nc3 Bb4 22. Qc2 Qd7 23. Nxe4 Rc8 24. Nc3 Rxc3 25. Qb2 Rxc1+ 26. Qxc1 Qg4 27. f3
Qd7 28. a3 Bc5 29. Ne2 Qd3 30. Nd4 Bxd4 31. exd4 Qxd4+ 32. Kf1 a5 33. h3 Ba6+
34. Ke1 Qd3 35. Qd1 Qxd1+ 36. Kxd1 Bf1 37. g3 Bxh3 38. Kd2 Kf8 39. Ke3 Be6 40.
b4 axb4 41. axb4 b5 42. Kd4 Bc4 43. Ke5 Ke7 44. f4 f6+ 45. Kf5 Bd3+ 46. Kg4 g6
47. Kf3 g5 48. fxg5 hxg5 49. Ke3 Bc4 50. Ke4 Ke6 51. Kf3 Kf5 52. g4+ Ke5 53.
Ke3 f5 54. gxf5 Kxf5 55. Kf3 g4+ 56. Kg3 Kg5 57. Kf2 Kf4 58. Kg1 Kg3 59. Kh1
Kf2 60. Kh2 g3+ 0-1

[Event "Ontario-ch U20 U1800"]
[Site "Mississauga CAN"]
[Date "2019.01.13"]
[Round "4.22"]
[White "Wang, Andrew"]
[Black "Qiu, James"]
[Result "1-0"]
[WhiteElo "1440"]
[BlackElo "1338"]
[PlyCount "87"]
[EventDate "2019.01.12"]
[EventType "swiss"]
[EventRounds "5"]
[EventCountry "CAN"]

1. e4 e5 2. Nf3 Nc6 3. Bc4 Nf6 4. d3 d6 5. h3 Be6 6. Bb3 Be7 7. O-O Nd7 8. Be3
Nb6 9. Nc3 Bf6 10. d4 Ne7 11. dxe5 dxe5 12. Bxe6 fxe6 13. Qe2 O-O 14. Rad1 Qe8
15. Bxb6 axb6 16. Qc4 Nc6 17. Rd2 Bd8 18. a3 Qg6 19. Qe2 Be7 20. Nb5 Rac8 21.
Rd7 Bd8 22. Rfd1 Qe8 23. Nh2 Nd4 24. R7xd4 exd4 25. Nxd4 Bf6 26. e5 Bg5 27. Qg4
Bh6 28. Nxe6 Rf7 29. Nf3 Re7 30. Nf4 Ra8 31. Nd5 Rf7 32. e6 Rf8 33. Nxc7 Ra4
34. Nxe8 Rxg4 35. hxg4 Rxe8 36. g5 Rxe6 37. gxh6 Rxh6 38. Rd8+ Kf7 39. Rd7+ Kf8
40. Rxb7 Rg6 41. Rb8+ Ke7 42. Rb7+ Kf8 43. c3 Rc6 44. Ne5 1-0

[Event "Ontario-ch U20 U1800"]
[Site "Mississauga CAN"]
[Date "2019.01.13"]
[Round "4.23"]
[White "Xu, William"]
[Black "Lin, Alle"]
[Result "0-1"]
[WhiteElo "1328"]
[BlackElo "1485"]
[PlyCount "76"]
[EventDate "2019.01.12"]
[EventType "swiss"]
[EventRounds "5"]
[EventCountry "CAN"]

1. e4 c6 2. d4 d5 3. exd5 cxd5 4. Bd3 Nc6 5. c3 Qc7 6. Ne2 Nf6 7. Bf4 Qd8 8.
Nd2 e6 9. Qc2 g6 10. O-O-O Bg7 11. Nf3 Bd7 12. Bg5 Rc8 13. Kb1 Nb4 14. Qd2 Nxd3
15. Qxd3 Qb6 16. Ne5 Bb5 17. Qc2 Ne4 18. Be3 Bxe2 19. Rde1 Bb5 20. Ka1 O-O 21.
f3 Nd6 22. h4 Nf5 23. Bf2 Qa6 24. g4 Nd6 25. h5 Bxe5 26. Rxe5 Nc4 27. Rg5 Be8
28. hxg6 fxg6 29. f4 Rxf4 30. Rh6 Rc7 31. b3 Na3 32. Qd2 Qf1+ 33. Be1 Re4 34.
Kb2 Re2 35. Kxa3 Rxd2 36. Bxd2 Qd3 37. Be1 Qe3 38. Bh4 Qc1+ 0-1

[Event "Ontario-ch U20 U1800"]
[Site "Mississauga CAN"]
[Date "2019.01.13"]
[Round "4.24"]
[White "Yao, Henry"]
[Black "Zhuang, Winnie"]
[Result "0-1"]
[WhiteElo "1414"]
[BlackElo "1458"]
[PlyCount "102"]
[EventDate "2019.01.12"]
[EventType "swiss"]
[EventRounds "5"]
[EventCountry "CAN"]

1. e4 e6 2. d4 d5 3. Nd2 c5 4. dxc5 Bxc5 5. exd5 exd5 6. Ngf3 Ne7 7. Bd3 Nbc6
8. O-O Bg4 9. h3 Bh5 10. Be2 O-O 11. Nb3 Bb6 12. Bf4 Qd7 13. c3 Rfe8 14. Qd2
Ng6 15. Bg3 Rad8 16. Rae1 Qf5 17. Bd1 Re6 18. Rxe6 fxe6 19. Nbd4 Qf6 20. Nxc6
bxc6 21. Nh2 Bxd1 22. Qxd1 e5 23. Qd2 d4 24. Ng4 Qf5 25. cxd4 exd4 26. Rd1 c5
27. b3 Qd5 28. Nh2 c4 29. bxc4 Qxc4 30. Nf3 Qd5 31. Ne1 Ba5 32. Qe2 Bxe1 33.
Qxe1 d3 34. Qd2 Qc4 35. Rc1 Qe4 36. Re1 Qa4 37. Rc1 Qb5 38. Rd1 Nf8 39. Bf4 Ne6
40. Be3 Nc5 41. Bxc5 Qxc5 42. Rc1 Qh5 43. Re1 Qc5 44. Rc1 Qd4 45. Rd1 Kf7 46.
Kh2 Qe5+ 47. Kg1 Qe2 48. Kh2 Qxd2 49. Rxd2 Ke6 50. Kg3 Ke5 51. Kf3 Kd4 0-1

[Event "Ontario-ch U20 U1800"]
[Site "Mississauga CAN"]
[Date "2019.01.13"]
[Round "5.9"]
[White "Locham, Divjot"]
[Black "Sharma, Vishruth"]
[Result "0-1"]
[WhiteElo "1599"]
[BlackElo "1641"]
[PlyCount "102"]
[EventDate "2019.01.12"]
[EventType "swiss"]
[EventRounds "5"]
[EventCountry "CAN"]

1. e4 e5 2. Nf3 Nc6 3. d4 exd4 4. Nxd4 Bc5 5. Nb3 Bb6 6. Nc3 d6 7. Bf4 Nge7 8.
Qd2 Be6 9. Be2 Qd7 10. Be3 Ne5 11. Nd5 Bxe3 12. Nxe3 Bxb3 13. axb3 O-O 14.
O-O-O N5g6 15. h4 Nf4 16. Bf3 a5 17. Nc4 Ne6 18. g4 a4 19. b4 Qc6 20. Na5 Qb6
21. g5 Nc6 22. Nxc6 Qxc6 23. g6 fxg6 24. Bg2 Nf4 25. f3 a3 26. b3 Nxg2 27. Qxg2
Qc3 28. Rd3 Qb2+ 29. Kd2 a2 30. h5 gxh5 31. Rc3 a1=Q 32. Rxa1 Rxa1 33. Rxc7
Qd4+ 34. Ke2 Rd1 35. Rxg7+ Qxg7 36. Qxg7+ Kxg7 37. Kxd1 Rxf3 38. Ke2 Rf8 39.
Kd3 h4 40. Kd4 Kf6 41. Kd5 Ke7 42. c4 h3 43. c5 dxc5 44. bxc5 h2 45. b4 h1=Q
46. b5 Rf5+ 47. Kd4 Qd1+ 48. Kc4 Rf3 49. c6 bxc6 50. b6 Qb3+ 51. Kc5 Qc3# 0-1

[Event "Ontario-ch U20 U1800"]
[Site "Mississauga CAN"]
[Date "2019.01.13"]
[Round "5.10"]
[White "Hua, MIchelle"]
[Black "Yuen, Noah"]
[Result "1/2-1/2"]
[WhiteElo "1731"]
[BlackElo "1711"]
[PlyCount "83"]
[EventDate "2019.01.12"]
[EventType "swiss"]
[EventRounds "5"]
[EventCountry "CAN"]

1. c4 Nf6 2. g3 g6 3. Bg2 Bg7 4. Nc3 O-O 5. d4 c6 6. e4 d6 7. Nge2 Nbd7 8. O-O
c5 9. b3 cxd4 10. Nxd4 Nc5 11. Bb2 a5 12. h3 Bd7 13. Kh2 Qb6 14. Qc2 Rfc8 15.
f4 a4 16. Rad1 axb3 17. axb3 Na6 18. Kh1 Nb4 19. Qd2 Nc6 20. Na4 Qd8 21. Nxc6
Bxc6 22. Nc3 Qb6 23. Qc2 Nd7 24. Ne2 Bxb2 25. Qxb2 Nc5 26. b4 Bxe4 27. Bxe4
Nxe4 28. Rd4 Nf6 29. Rfd1 Qc6+ 30. Kh2 Qf3 31. Ng1 Qa3 32. Qd2 Qa2 33. Ne2 Qxd2
34. R1xd2 Ra3 35. Rb2 Re3 36. Kg2 Re4 37. Rc2 b5 38. c5 Rxd4 39. Nxd4 Nd5 40.
Rb2 Nxb4 41. cxd6 Nd3 42. Rd2 1/2-1/2

[Event "Ontario-ch U20 U1800"]
[Site "Mississauga CAN"]
[Date "2019.01.13"]
[Round "5.11"]
[White "Dong, Yiwei"]
[Black "Leblanc, Miguel"]
[Result "0-1"]
[WhiteElo "1493"]
[BlackElo "1539"]
[PlyCount "136"]
[EventDate "2019.01.12"]
[EventType "swiss"]
[EventRounds "5"]
[EventCountry "CAN"]

1. d4 Nf6 2. Nf3 d5 3. Bf4 e6 4. e3 c5 5. c3 Qb6 6. Qc2 Bd6 7. Bg3 Nbd7 8. Nbd2
Qc7 9. e4 e5 10. Rc1 b6 11. exd5 Nxd5 12. Ne4 f6 13. Bc4 Bb7 14. Qb3 Ne7 15.
Bf7+ Kf8 16. dxe5 Bxe5 17. Nfd2 Bxg3 18. fxg3 Qe5 19. Qe6 Bd5 20. Qxe5 Nxe5 21.
Bxd5 Nd3+ 22. Kd1 Nxd5 23. Rb1 f5 24. Rf1 Ne3+ 25. Ke2 Nxf1 26. Rxf1 Nxb2 27.
Rxf5+ Ke7 28. Re5+ Kd8 29. Rd5+ Ke7 30. Nf3 Rad8 31. Rf5 Rhe8 32. Rf4 Nc4 33.
Kf2 Nd6 34. Ned2 h6 35. g4 b5 36. g3 Rf8 37. Nb3 Rxf4 38. gxf4 Nb7 39. Ne5 a5
40. Ke3 Rd1 41. c4 bxc4 42. Nxc4 Rh1 43. Nbxa5 Nxa5 44. Nxa5 Rxh2 45. Nb3 Kd6
46. Nd2 Kd5 47. a4 c4 48. g5 hxg5 49. fxg5 c3 50. Nb3 Kc4 51. Nc1 Kb4 52. g6
Kxa4 53. Kd3 c2 54. Ne2 Rxe2 55. Kxe2 c1=Q 56. Kf3 Qc6+ 57. Kf4 Qxg6 58. Ke5
Qd3 59. Ke6 g5 60. Kf7 Qd6 61. Kg7 g4 62. Kh7 g3 63. Kg8 g2 64. Kf7 g1=R 65.
Ke8 Re1+ 66. Kf7 Qf4+ 67. Kg6 Rg1+ 68. Kh7 Qh4# 0-1

[Event "Ontario-ch U20 U1800"]
[Site "Mississauga CAN"]
[Date "2019.01.13"]
[Round "5.12"]
[White "Zhang, Henry"]
[Black "Chen, Richard"]
[Result "1-0"]
[WhiteElo "1517"]
[BlackElo "1738"]
[PlyCount "57"]
[EventDate "2019.01.12"]
[EventType "swiss"]
[EventRounds "5"]
[EventCountry "CAN"]

1. e4 d6 2. d4 Nf6 3. Nc3 g6 4. Nf3 Bg7 5. Be2 O-O 6. O-O Nbd7 7. h3 b6 8. Be3
Bb7 9. Nd2 c5 10. d5 a6 11. a4 Qc7 12. f4 Rfb8 13. Kh1 Bc8 14. Bc4 Nf8 15. e5
Ne8 16. Qf3 Bd7 17. Nde4 Qb7 18. Ng3 b5 19. axb5 axb5 20. Rxa8 Rxa8 21. Bd3 b4
22. Nce2 Bb5 23. Be4 Ra2 24. b3 Qa6 25. f5 dxe5 26. fxg6 fxg6 27. Qf7+ Kh8 28.
Qxe7 Bxe2 29. Rxf8+ 1-0

[Event "Ontario-ch U20 U1800"]
[Site "Mississauga CAN"]
[Date "2019.01.13"]
[Round "5.13"]
[White "Li, Adam"]
[Black "Xu, Alex"]
[Result "1/2-1/2"]
[WhiteElo "1659"]
[BlackElo "1456"]
[PlyCount "127"]
[EventDate "2019.01.12"]
[EventType "swiss"]
[EventRounds "5"]
[EventCountry "CAN"]

1. e4 c5 2. Nf3 d6 3. c3 Nf6 4. Bd3 g6 5. Bc2 Bg7 6. d4 cxd4 7. cxd4 O-O 8. O-O
Bg4 9. h3 Bxf3 10. Qxf3 Nc6 11. Be3 Rc8 12. Nc3 Nd7 13. Rad1 Nb6 14. Rfe1 Nc4
15. Bb3 Nxe3 16. Qxe3 Na5 17. e5 Nxb3 18. axb3 e6 19. Ne4 d5 20. Nd6 Rb8 21.
Rc1 Qd7 22. Rc3 h5 23. Rec1 Qd8 24. Rc7 a6 25. Rxb7 Rxb7 26. Nxb7 Qb6 27. Nc5
Rd8 28. Ra1 Ra8 29. Qc3 Bf8 30. Nd7 Qb5 31. Nxf8 Rxf8 32. Ra5 Qb7 33. b4 Rb8
34. Ra4 Rc8 35. Qd2 Qb6 36. b3 Rc6 37. Qd3 Qb7 38. Kh2 Rb6 39. Qd2 Kg7 40. Qe3
Rc6 41. Qf3 Qe7 42. Qd3 Qb7 43. Qe3 Rb6 44. Qe1 Rb5 45. Qc3 Rb6 46. Qc5 Rb5 47.
Qd6 Rb6 48. Qc5 Rb5 49. Qc3 Rb6 50. Qe1 Rb5 51. f4 Rb6 52. Qc3 Rc6 53. Qd3 Rb6
54. Ra5 Rxb4 55. Qxa6 Rxb3 56. Qxb7 Rxb7 57. Ra1 Rb4 58. Rd1 f6 59. Rd3 fxe5
60. fxe5 g5 61. Kg3 Kg6 62. Kf3 h4 63. g3 Kf5 64. g4+ 1/2-1/2

[Event "Ontario-ch U20 U1800"]
[Site "Mississauga CAN"]
[Date "2019.01.13"]
[Round "5.14"]
[White "Gauthier, David"]
[Black "Liao, Yilin"]
[Result "1-0"]
[WhiteElo "1627"]
[BlackElo "1381"]
[PlyCount "97"]
[EventDate "2019.01.12"]
[EventType "swiss"]
[EventRounds "5"]
[EventCountry "CAN"]

1. e4 d5 2. Nf3 dxe4 3. Ng5 Nf6 4. d3 exd3 5. Bxd3 Bg4 6. f3 Bd7 7. O-O h6 8.
Ne4 Nxe4 9. Bxe4 Nc6 10. Nc3 e6 11. Bf4 Bc5+ 12. Kh1 O-O 13. Qd2 Qe7 14. Rad1
e5 15. Bxh6 Rad8 16. Nd5 Qh4 17. Bg5 Qh5 18. Bxd8 Rxd8 19. b4 Bb6 20. Nxb6 cxb6
21. Bxc6 bxc6 22. Qd6 Qg5 23. Qc7 Qe7 24. Rd6 Kf8 25. Rfd1 Ke8 26. Qxa7 b5 27.
Qe3 Kf8 28. Qd3 Ke8 29. Qh7 Qf8 30. Qh4 f6 31. f4 e4 32. f5 Qe7 33. R1d4 Kf8
34. Qh8+ Kf7 35. Qxd8 Qxd8 36. Rxd7+ Qxd7 37. Rxd7+ Kf8 38. Kg1 Kg8 39. Kf2 Kh7
40. h4 Kh6 41. g4 Kh7 42. g5 fxg5 43. hxg5 Kg8 44. g6 Kf8 45. Ke3 c5 46. bxc5
b4 47. c6 b3 48. c7 bxa2 49. c8=R# 1-0

[Event "Ontario-ch U20 U1800"]
[Site "Mississauga CAN"]
[Date "2019.01.13"]
[Round "5.15"]
[White "Srinivas, Atharva"]
[Black "Hughes-Dupuy, Henry"]
[Result "1-0"]
[WhiteElo "1501"]
[BlackElo "1596"]
[PlyCount "44"]
[EventDate "2019.01.12"]
[EventType "swiss"]
[EventRounds "5"]
[EventCountry "CAN"]

1. e4 e6 2. d4 d5 3. e5 c5 4. c3 Qb6 5. Nf3 Nc6 6. a3 Nh6 7. Bxh6 Qxb2 8. Qd2
Qxa1 9. Bd3 gxh6 10. O-O c4 11. Be2 Na5 12. Bd1 Bd7 13. Be2 Nb3 14. Qc2 Bc6 15.
Nfd2 Ba4 16. Bh5 Bxa3 17. Nxb3 Bxb3 18. Qd2 Qb2 19. Qxh6 Rf8 20. Qxe6+ Be7 21.
Qxd5 Bc2 22. e6 Bg6 1-0

[Event "Ontario-ch U20 U1800"]
[Site "Mississauga CAN"]
[Date "2019.01.13"]
[Round "5.16"]
[White "Huang, Richard"]
[Black "Stroganov, Victor"]
[Result "1-0"]
[WhiteElo "1520"]
[BlackElo "1587"]
[PlyCount "95"]
[EventDate "2019.01.12"]
[EventType "swiss"]
[EventRounds "5"]
[EventCountry "CAN"]

1. e4 d5 2. exd5 e6 3. dxe6 Bxe6 4. Nf3 Nc6 5. Be2 Nf6 6. d4 Bd6 7. O-O O-O 8.
c4 Ne7 9. c5 Bxc5 10. dxc5 Ned5 11. Nd4 Bd7 12. Bf3 Re8 13. Bg5 h6 14. Bxd5
hxg5 15. Bxb7 Rb8 16. c6 Bg4 17. f3 Bh5 18. Nf5 Nd5 19. Nc3 Bg6 20. Qxd5 Qxd5
21. Nxd5 Bxf5 22. Nxc7 Re2 23. Rf2 Re7 24. Na6 Rbe8 25. Rc1 Bd3 26. g3 Bxa6 27.
Bxa6 Rc7 28. Rd2 Ree7 29. Rd8+ Kh7 30. Rc8 f5 31. Rxc7 Rxc7 32. Bb7 Kg6 33. Rd1
Kf7 34. Rd7+ Rxd7 35. cxd7 Ke7 36. Bc8 a5 37. Kf2 a4 38. b3 axb3 39. axb3 g4
40. fxg4 fxg4 41. b4 Kd8 42. b5 Kc7 43. b6+ Kd8 44. b7 Kc7 45. b8=Q+ Kxb8 46.
d8=Q Ka7 47. Qc7+ Ka8 48. Qb7# 1-0

[Event "Ontario-ch U20 U1800"]
[Site "Mississauga CAN"]
[Date "2019.01.13"]
[Round "5.17"]
[White "Liu, Harrison"]
[Black "Wang, Andrew"]
[Result "1-0"]
[WhiteElo "1772"]
[BlackElo "1440"]
[PlyCount "99"]
[EventDate "2019.01.12"]
[EventType "swiss"]
[EventRounds "5"]
[EventCountry "CAN"]

1. e4 e5 2. Nf3 Nf6 3. Nc3 Nc6 4. Bc4 Nxe4 5. Bxf7+ Kxf7 6. Nxe4 d5 7. Ng3 e4
8. Ng1 Bc5 9. N1e2 Rf8 10. O-O Kg8 11. d4 Bd6 12. c4 Bxg3 13. Nxg3 dxc4 14. Be3
Qd5 15. Rc1 Be6 16. b3 cxb3 17. Rc5 bxa2 18. Rxd5 Bxd5 19. Ne2 Na5 20. Nc3 Nb3
21. Nxd5 a1=Q 22. Qxb3 Qa5 23. Nxc7+ Kh8 24. Nxa8 Rxa8 25. Qxb7 Re8 26. d5 a6
27. Bd4 Rg8 28. d6 Qa4 29. Qxe4 Qd7 30. Rd1 h6 31. Qe3 Kh7 32. Qd3+ g6 33. Qxa6
Re8 34. Qa7 Qxa7 35. Bxa7 Ra8 36. d7 Rxa7 37. d8=R h5 38. R1d7+ Rxd7 39. Rxd7+
Kh6 40. h4 g5 41. Rd6+ Kh7 42. hxg5 Kg7 43. f4 h4 44. f5 h3 45. Rd7+ Kf8 46. f6
Ke8 47. Rh7 h2+ 48. Kxh2 Kf8 49. g6 Kg8 50. Ra7 1-0

[Event "Ontario-ch U20 U1800"]
[Site "Mississauga CAN"]
[Date "2019.01.13"]
[Round "5.18"]
[White "Dey, Jan Marten"]
[Black "Liu, Aaron"]
[Result "1/2-1/2"]
[WhiteElo "1412"]
[BlackElo "1532"]
[PlyCount "116"]
[EventDate "2019.01.12"]
[EventType "swiss"]
[EventRounds "5"]
[EventCountry "CAN"]

1. e4 e5 2. Nf3 Nc6 3. Bc4 Bc5 4. d3 Nf6 5. Bg5 d6 6. h3 Be6 7. Bb3 Qe7 8. Nc3
h6 9. Nd5 Bxd5 10. Bxf6 Qxf6 11. Bxd5 O-O 12. O-O Rab8 13. c3 Ne7 14. Bc4 Ng6
15. d4 Bb6 16. dxe5 dxe5 17. Qd7 Nh4 18. Nxh4 Qxh4 19. Qf5 Qe7 20. Rad1 Rbd8
21. Rd5 Rxd5 22. exd5 Qg5 23. Qxg5 hxg5 24. Re1 Re8 25. Re4 Kf8 26. Kf1 f6 27.
f3 g6 28. g4 Ke7 29. Bb3 Kd6 30. c4 Bc5 31. Bc2 Bd4 32. Re2 Rg8 33. b3 Kc5 34.
Rh2 Be3 35. h4 Bf4 36. Rh3 Rg7 37. h5 Rh7 38. h6 f5 39. gxf5 gxf5 40. Bxf5 g4
41. fxg4 Rxh6 42. Rxh6 Bxh6 43. Ke2 Kb4 44. Kd3 a5 45. Kc2 b6 46. a4 Bf4 47.
Kb2 Bg5 48. Bc2 Bd2 49. Bd1 e4 50. Be2 Bc3+ 51. Kc2 Bf6 52. Bd1 Bg5 53. Kb2 Kc5
54. Kc3 e3 55. Kd3 Kb4 56. Kc2 Bh6 57. Kd3 Kc5 58. Ke4 Kb4 1/2-1/2

[Event "Ontario-ch U20 U1800"]
[Site "Mississauga CAN"]
[Date "2019.01.13"]
[Round "5.19"]
[White "Xie, Joanna"]
[Black "Ning, Oswin"]
[Result "0-1"]
[WhiteElo "1373"]
[BlackElo "1462"]
[PlyCount "56"]
[EventDate "2019.01.12"]
[EventType "swiss"]
[EventRounds "5"]
[EventCountry "CAN"]

1. e4 e6 2. d4 d5 3. e5 c5 4. c3 Nc6 5. Nf3 Qb6 6. b3 cxd4 7. cxd4 Bb4+ 8. Bd2
Nxd4 9. Bd3 Bxd2+ 10. Nbxd2 Bd7 11. Rc1 Nxf3+ 12. Qxf3 Ne7 13. O-O O-O 14. Qh3
h6 15. Kh1 Bb5 16. Bxb5 Qxb5 17. Rc7 Nc6 18. Qe3 Rab8 19. Rd7 Nxe5 20. Rd6 Nc6
21. f4 Qa5 22. a4 Ne7 23. Rc1 Nf5 24. Qe5 Qxd2 25. Rg1 Nxd6 26. Qxd6 Rbc8 27.
Qa3 Rc2 28. Qa1 Rfc8 0-1

[Event "Ontario-ch U20 U1800"]
[Site "Mississauga CAN"]
[Date "2019.01.13"]
[Round "5.22"]
[White "Wang, Eric"]
[Black "Lin, Alle"]
[Result "1-0"]
[WhiteElo "1579"]
[BlackElo "1485"]
[PlyCount "121"]
[EventDate "2019.01.12"]
[EventType "swiss"]
[EventRounds "5"]
[EventCountry "CAN"]

1. e4 c6 2. d4 d5 3. Nc3 dxe4 4. Nxe4 Nf6 5. Nxf6+ gxf6 6. Nf3 Bg4 7. Be2 Qc7
8. Bd2 Nd7 9. c3 O-O-O 10. Qb3 Bh5 11. O-O-O e5 12. Be3 e4 13. Ng1 Bxe2 14.
Nxe2 Nb6 15. g3 h5 16. Kb1 Bh6 17. c4 Bxe3 18. fxe3 h4 19. g4 Rhg8 20. h3 Kb8
21. Rdf1 Qe7 22. Qc2 Qe6 23. b3 Rg5 24. Rf4 c5 25. Qxe4 Rf8 26. Rhf1 Nd7 27. d5
Qe5 28. Qxe5+ Rxe5 29. e4 Kc7 30. Nc3 a6 31. a4 b6 32. Kc2 Rh8 33. Kd3 Rh7 34.
Rf5 Rg7 35. Ke3 Kd6 36. Ne2 Rxf5 37. Rxf5 Rg5 38. Kf4 Rxf5+ 39. Kxf5 Ke7 40.
Nf4 Nf8 41. Ng2 Ng6 42. g5 fxg5 43. Kxg5 Ne5 44. Ne1 Kf8 45. Kxh4 Kg7 46. Kg5
f6+ 47. Kf5 Kf7 48. h4 Ke7 49. h5 Kf7 50. h6 Ng6 51. h7 Kg7 52. d6 Nf8 53.
h8=Q+ Kxh8 54. Kxf6 Kg8 55. Ke7 Kg7 56. d7 Nxd7 57. Kxd7 Kf6 58. Kd6 Kg5 59. e5
Kg6 60. e6 Kg7 61. e7 1-0